000 00454nam a2200229Ia 4500
001 073584
003 YMCAF
005 20230512160843.0
008 100717s9999 ||||||||||||||||| ||und|d
020 _a-
024 _a73584
035 _a13047
040 _aYMCAF
_beng
_cIN-KoLT
041 _aeng
082 _a658
_bKOO
100 _aKOONTZ
245 0 _aESSENTIALS MANAGEMENT
250 _a-
653 _a-
653 _a-
942 _2ddc
_cBK
999 _c6828
_d6828